| 000 | 00685nam a2200241Ia 4500 | ||
|---|---|---|---|
| 003 | OSt | ||
| 005 | 20220924121819.0 | ||
| 006 | a|||||r|||| 00| 0 | ||
| 007 | ta | ||
| 008 | 220923b |||||||| |||| 00| 0 per d | ||
| 024 | _a305782 | ||
| 037 | _cTextual | ||
| 040 |
_aARTS _cARTS _bper |
||
| 041 |
_2per _aper |
||
| 082 | _aO164,1w2.M, J5 | ||
| 100 |
_aAurangabadi Laksmi Narayan Shafiq _9187402 |
||
| 245 | 0 | _aTazkirah-e-gul-e-rana | |
| 260 |
_aKarachi _bUrdu academy Sindh Pakistan _c1955 |
||
| 300 |
_a188p. _ccm. |
||
| 650 | _aPERSIAN POETRY | ||
| 942 |
_hO164,1w2.M, J5 _cTEXL _2CC |
||
| 999 |
_c409160 _d409160 |
||